| 000 | 00714nam a2200205 i 4500 | ||
|---|---|---|---|
| 001 | 77629 | ||
| 003 | ES-MaACL | ||
| 005 | 20230906173318.0 | ||
| 007 | t| | ||
| 008 | 041028s2001 pr ||||1| spa d | ||
| 020 | _a0-8477-0242-1 | ||
| 080 | _a598.2(729.5) (084) | ||
| 100 | 1 |
_aBiaggi, Virgilio. _928733 |
|
| 245 | 1 | 4 |
_aLas aves de Puerto Rico / _cVirgilio Biaggi ; ilustraciones por Lucila Madruga de Díaz-Piferrer, Christine Bouyce. |
| 250 | _a4ª ed. rev. y aum. | ||
| 260 |
_aSan Juan de Puerto Rico : _bUniversidad de Puerto Rico, _c2001. |
||
| 300 |
_a389 p. ; _c24 cm. |
||
| 650 | 1 | 4 |
_aAves- _zPuerto Rico- _xGuías. _910445 |
| 852 |
_aES-MaACL _jE-10171 _bR.134404 |
||
| 999 |
_c77629 _d77629 |
||